Shaping an urban future ; essays in memory of Catherine Bauer Wurster /

Bibliographic Details
Other Authors: Wurster, Catherine Bauer, Frieden, Bernard J., Nash, William W.
Format: Book
Language:English
Published: Cambridge : MIT Press, [1968]
Subjects:

MARC

Tag First Indicator Second Indicator Subfields
LEADER 00000cam a22000001 4500
001 in00000206721
005 20151009061242.0
008 710311c19681969mau b 01000 eng d
010 |a  68027423  
035 |a (OCoLC)00244808 
035 |9 AAX5629AM 
040 |a DLC  |c DLC  |d TXA  |d UtOrBLW 
049 |a TXAM  |c [635599] 
050 0 0 |a HT155  |b .S47 
082 0 |a 301.3/64 
245 0 0 |a Shaping an urban future ;  |b essays in memory of Catherine Bauer Wurster /  |c Edited by Bernard J. Frieden and William W. Nash, Jr. 
264 1 |a Cambridge :  |b MIT Press,  |c [1968] 
264 4 |c [©1969] 
300 |a v, 222 pages ;  |c 24 cm. 
336 |a text  |b txt  |2 rdacontent 
337 |a unmediated  |b n  |2 rdamedia 
338 |a volume  |b nc  |2 rdacarrier 
504 |a Bibliographical footnotes. 
505 0 |a Social issues in housing, by L. R. Peattie.--Housing policy, 1937-1967, by C. Abrams.--Racial issues in urban America, by T. F. Pettigrew.--Why new communities? By E. P. Eichler.--Latin American urbanization: plan or process? By L. Wingo, Jr.--Changing governmental roles in urban development, by N. Beckman.--Inventing the future metropolis, by B. Harris.--Bibliography of books and articles by Catherine Bauer Wurster (p. 205-211) 
650 0 |a Cities and towns. 
650 0 |a Housing. 
700 1 |a Wurster, Catherine Bauer. 
700 1 |a Frieden, Bernard J. 
700 1 |a Nash, William W. 
999 |a MARS 
999 f f |s c68a3e4c-cc87-37ac-98f3-7af97a95e741  |i e93d0960-a4c9-3b17-95d6-86220a0a57f6  |t 0 
952 f f |p ric  |a Texas A&M University  |b Rellis Campus  |c Joint Library Facility  |d Remote Storage  |t 0  |e HT155 .S47  |h Library of Congress classification  |i unmediated -- volume  |m A14802993468 
998 f f |a HT155 .S47  |t 0  |l Remote Storage